LIBRARY ONLINE CATALOGUE

Perspectives in microbial ecology / (Record no. 6683)

MARC details
000 -LEADER
fixed length control field 00611nam a22002052 4500
001 - CONTROL NUMBER
control field 0000004850
005 - DATE AND TIME OF LATEST TRANSACTION
control field 20151217151942.0
008 - FIXED-LENGTH DATA ELEMENTS--GENERAL INFORMATION
fixed length control field 070530s xx 000 0 eng d
020 ## - INTERNATIONAL STANDARD BOOK NUMBER
International Standard Book Number 8681199018 :
040 ## - CATALOGING SOURCE
Original cataloging agency KABU
Transcribing agency KABU
050 #0 - LIBRARY OF CONGRESS CALL NUMBER
Classification number QR100
Item number .P47
245 10 - TITLE STATEMENT
Title Perspectives in microbial ecology /
Statement of responsibility, etc. ed. by F. Megusar and M. Gantar.
260 ## - PUBLICATION, DISTRIBUTION, ETC. (IMPRINT)
Place of publication, distribution, etc. Ljubljana :
Name of publisher, distributor, etc. Stevene Society for microbiology,
Date of publication, distribution, etc. 1986.
300 ## - PHYSICAL DESCRIPTION
Extent xiii, 684 p.
650 #0 - SUBJECT ADDED ENTRY--TOPICAL TERM
Topical term or geographic name as entry element Microbial ecology.
-- 0000155723
700 1# - ADDED ENTRY--PERSONAL NAME
Personal name Megusar.
-- 0000155724
908 ## - PUT COMMAND PARAMETER (RLIN)
Put command parameter 070530
950 ## - LOCAL HOLDINGS (RLIN)
-- 1
Holdings
Withdrawn status Lost status Source of classification or shelving scheme Not for loan Home library Current library Date acquired Total Checkouts Full call number Barcode Date last seen Price effective from Koha item type
    Library of Congress Classification   Kabarak, Main Campus Kabarak, Main Campus 17/12/2015   QR100 .P47 004450 17/12/2015 17/12/2015 General Collection